Culture Générale - Quiz - Série #01 - Statistiques

Statistiques générales
  • Ce quiz a été pris 53 fois
  • Le résultat moyen est 5 sur 20
Statistiques - réponses
Hint Réponse % Correct
Quel est ce bateau de Greenpeace coulé en 1985 car protestant contre les essais nucléaires français ? Rainbow Warrior
52%
Quel est le seul pays de l’Union Européenne ne possédant pas de paroles dans son hymne ? Espagne
46%
Dans la mythologie nordique, comment se nomme le loup géant, messager du malheur ? Fenrir
37%
Quel mot emprunté au latin désigne la couche de matière vivante en décomposition dans les forêts ? Humus
37%
Quel est ce système politique où la richesse est à la base du pouvoir politique ? Ploutocratie
37%
Quel quartier historique d’Alger, se traduisant par « citadelle », a inspiré le titre d’une chanson des Clash ? Casbah
35%
Sur quel album de rap sorti en 1997 figurent les titres Petit frère ou Nés sous la même étoile ? L'École du Micro d'Argent
33%
Quel terme japonais que l'on peut traduire par "savoureux" désigne la cinquième saveur de base ? Umami
30%
Quelle plante du pourtour méditerranéen souvent associée à la magie possède une racine anthropomorphe ? Mandragore
28%
Quelle joueuse de tennis remporte Rolland Garros à seulement 16 et demie mais voit sa carrière s’interrompre attaquée par un spectateur en 1993 ? Monica Seles
28%
Quelle journaliste britano-américiane est la rédactrice en cheffe de Vogue depuis 1988 ? Anna Wintour
24%
Quel mot d’origine arabe désigne un court d’eau intermittent des régions sèches ? Oued
24%
Quel fleuve espagnol se jetant dans l’océan Atlantique passe par les villes de Cordoue et Séville ? Guadalquivir
22%
Dans la Bible, quel prisonnier la foule préfère-t-elle gracier plutôt que Jésus ? Barabbas
20%
Quel sculpteur suisse du XXème siècle a réalisé notamment Homme qui marche ? Alberto Giacometti
17%
Comment se nomme cette tourte aux poireaux typique de la Picardie ? Flamiche
17%
Sorti en 1995, quel film de Clint Eastwood a dans son nom une danse de camping célèbre en France ? Sur la route de Madison
17%
Photographe français né en 1908, je m’illustre dans la photographie de rue et par la précision de mes compostions Henri Cartier-Bresson
11%
Quelle invention de 1790 du chimiste Berthollet, dont le nom est un quartier parisien, avait pour but de faciliter le travail des lavandières ? Eau de Javel
9%
En 2015 quel rugbyman capitaine des All Black arrête sa carrière quelques jours après avoir remporté un second titre de champion du monde ? Richie McCaw
4%
Aucun quiz correspondant
Distribution des résultats
% des personnes avec chaque résultat
Percentile par nombre de réponses
Votre historique - résultats
Vous n’avez pas pris ce quiz